Green synthesis of iron-nanoparticles from ocimum sanctum and syzygium cumini and their application as anti-oxidant and anti-bacterial agents (Record no. 393559)

MARC details
000 -LEADER
fixed length control field 00588nam a2200181 4500
005 - DATE & TIME
control field 20250927112135.0
008 - FIXED-LENGTH DATA ELEMENTS--GENERAL INFORMATION
fixed length control field 250927b |||||||| |||| 00| 0 eng d
040 ## - CATALOGING SOURCE
Original cataloging agency VIVEKANANDA LIBRARY
082 ## - DDC NUMBER
Classification number 572.86
Book Number P565G
100 ## - MAIN ENTRY--PERSONAL NAME
Personal name Phogat, Jatin Kumar
245 ## - TITLE STATEMENT
Title Green synthesis of iron-nanoparticles from ocimum sanctum and syzygium cumini and their application as anti-oxidant and anti-bacterial agents
260 ## - PUBLICATION, DISTRIBUTION, ETC. (IMPRINT)
Name of publisher, distributor, etc Department of Biochemistry, M D University, Rohtak
Date of publication, distribution, etc 2025
300 ## - PHYSICAL DESCRIPTION
Pages 116
650 ## - Subject
Subject Biochemistry
700 ## - Added Entry Personal Name
Added Entry Personal Name Vijay Kumar
700 ## - Added Entry Personal Name
Added Entry Personal Name Chauhan, Nar Singh
942 ## - ADDED ENTRY ELEMENTS (KOHA)
Koha item type Thesis
Holdings
Withdrawn status Lost status Source of classification or shelving scheme Damaged status Not for loan Location (home branch) Sublocation or collection (holding branch) Shelving location Date acquired Koha issues (times borrowed) Koha full call number Accession No. Koha date last seen Copy number Koha item type
    Dewey Decimal Classification     VIVEKANANDA LIBRARY VIVEKANANDA LIBRARY Vivekananda Library 27/09/2025   572.86 P565G 411197 27/09/2025 R Thesis
© Designed and Maintained by Vivekananda Library, MDU Rohtak